Hrozí Eurozóne deflácia?
Výpočet prognózy očakávaného vývoja inflácie v Eurozóne pre najbližšie obdobie s podporou vhodného štatistického inštrumentária.
Salvato in:
| Autore principale: | |
|---|---|
| Altri autori: | |
| Natura: | Capitolo di libro |
| Lingua: | slovacco |
| Soggetti: | |
| Tags: |
Nessun Tag, puoi essere il primo ad aggiungerne!!
|
MARC
| LEADER | 00000naa a2200000 4500 | ||
|---|---|---|---|
| 001 | 0186371 | ||
| 005 | 20220715093642.3 | ||
| 041 | 0 | |a slo | |
| 044 | |a SK | ||
| 245 | 1 | 0 | |a Hrozí Eurozóne deflácia? |c Peter Obtulovič, Zuzana Poláková |
| 520 | |a Výpočet prognózy očakávaného vývoja inflácie v Eurozóne pre najbližšie obdobie s podporou vhodného štatistického inštrumentária. | ||
| 610 | 2 | 0 | |a inflácia |
| 610 | 2 | 0 | |a eurozóna |
| 610 | 2 | 0 | |a deflácia |
| 610 | 2 | 0 | |a prognózy hospodárske |
| 610 | 2 | 0 | |a metódy štatistické |
| 100 | 1 | |a Obtulovič, Peter | |
| 700 | 1 | |a Poláková, Zuzana | |